000 00422nam a22001457a 4500
003 SGT
082 _a617.7
_bC22H
100 _aHARVINDER
245 _aA COMPARATIVE STUDY OF EFFICACY OF CHLOROQUINE PHOSPHATE 0.03 PERCENT EYE DROPS AND SODIUM CARBOXY-METHYLCELLULOSE 0.5% EYE DROPS IN DRY EYE DISEASE
260 _aGURUGRAM
_bSGTU
_c2022
300 _a71
650 _aOPTHALMOLOGY
653 _aMS
942 _2ddc
_cTH
999 _c33196
_d33196